000 00529nam a2200169 a 4500
005 20210223133100.0
008 160926s2011 mx r 000 0 spa d
035 _aUPN01000213659
049 _aC
050 4 _aLE7.2931 N2k
_bA3.3 2011
245 0 0 _aAgenda estadística 2011 /
_ccoord. de Erica Rivas Bazán.
260 _aMéxico :
_bUPN,
_c2011.
300 _a63 p. :
_bgráfs., cuadros
610 2 4 _aUNIVERSIDAD PEDAGOGICA NACIONAL (MEXICO) -
_vESTADISTICA
_921503
700 1 _aRivas Bazán, Erica,
_ecoord.
905 _aLibro
999 _c185759
_d185759